Normal view
MARC view
- ACI Committee 201
Entry Corporate Name
001 - CONTROL NUMBER
- control field: 41023
003 - CONTROL NUMBER IDENTIFIER
- control field: NUST
005 - DATE AND TIME OF LATEST TRANSACTION
- control field: 20210314131939.0
008 - FIXED-LENGTH DATA ELEMENTS
- fixed length control field: 210314|| aca||aabn | a|a d
040 ## - CATALOGING SOURCE
- Original cataloging agency: NUST
- Transcribing agency: NUST
110 ## - HEADING--CORPORATE NAME
- Corporate name or jurisdiction name as entry element: ACI Committee 201
670 ## - SOURCE DATA FOUND
- Source citation: Work cat.: (NUST): Whiting, David 41020, Paul Klieger Symposium on Performance of Concrete /, c1990.
